| 000 | 01071pam a2200325 a 4500 | ||
|---|---|---|---|
| 999 |
_c5511 _d5511 |
||
| 001 | 27897772 | ||
| 003 | OCoLC | ||
| 005 | 20190104164924.0 | ||
| 008 | 930323r19931992nyua b 000 0ceng | ||
| 010 | _a93013115 | ||
| 020 | _a0679745939 : | ||
| 040 |
_aDLC _cDLC _dONU |
||
| 043 |
_an-us--- _an-us-ok _an-us-ca |
||
| 049 | _aONUU | ||
| 082 |
_a979 _bM847R |
||
| 100 | 1 |
_aMorgan, Dan, _d1937- |
|
| 245 | 1 | 0 |
_aRising in the West : _bthe true story of an "Okie" family in search of the American dream / _cDan Morgan |
| 250 | _a1st Vintage Books ed | ||
| 260 |
_aNew York : _bVintage Books, _c1993 |
||
| 300 |
_axx, 522 p. : _bill. ; _c21 cm |
||
| 504 | _aIncludes bibliographical references | ||
| 600 | 3 | 0 | _aTatum family |
| 650 | 0 |
_aMigration, Internal _zUnited States _xHistory _y20th century |
|
| 650 | 0 |
_aRural families _zUnited States _xHistory _y20th century |
|
| 651 | 0 |
_aUnited States _xSocial conditions _y1933-1945 |
|
| 651 | 0 |
_aUnited States _xSocial conditions _y1945- |
|
| 651 | 0 |
_aOklahoma _vBiography |
|
| 651 | 0 |
_aCalifornia _vBiography |
|
| 942 |
_2ddc _cBK |
||